Manažerská osobnost a styl práce. 1

Manažment ako vedenie ľudí a jeho základné predpoklady. Charakteristické rysy manažmentu v období globálnej konkurencie. Členenie manažmentu z hľadiska organizácie riadenia, funkcií riadenia a zdrojov. Vznik nadnárodných spoločností a iné charakteristické javy 90. rokov.

Salvato in:
Dettagli Bibliografici
Autore principale: Stýblo, Jiří
Natura: Capitolo di libro
Lingua:ceco
Soggetti:
Tags: Aggiungi Tag
Nessun Tag, puoi essere il primo ad aggiungerne!!

MARC

LEADER 00000naa a2200000 4500
001 r012137
005 20220826094753.9
041 0 |a cze 
044 |a CZ 
245 1 0 |a Manažerská osobnost a styl práce. 1  |c Jiří Stýblo 
520 |a Manažment ako vedenie ľudí a jeho základné predpoklady. Charakteristické rysy manažmentu v období globálnej konkurencie. Členenie manažmentu z hľadiska organizácie riadenia, funkcií riadenia a zdrojov. Vznik nadnárodných spoločností a iné charakteristické javy 90. rokov. 
610 2 0 |a manažment 
610 2 0 |a manažéri 
610 2 0 |a pracovníci riadiaci 
610 2 0 |a riadenie 
100 1 |a Stýblo, Jiří